| 000 | 00559nam a2200205Ia 4500 | ||
|---|---|---|---|
| 005 | 20250923150013.0 | ||
| 008 | 008 250917s9999 xx 000 0 eng d | ||
| 037 | _aTextual | ||
| 040 |
_aDSWL _beng _cDSWL |
||
| 041 |
_aeng _2eng |
||
| 084 |
_aV2:3(Q), N97 _qDSWL |
||
| 100 |
_aLarson, G. _9841193 |
||
| 245 | 0 |
_aIndia's agony over Religion _c by G. Larson |
|
| 260 |
_aDelhi _bUniversity Press _c1995 |
||
| 300 | _axiv,392 p. | ||
| 365 |
_aINR _b335.00 |
||
| 925 | _g335.00 | ||
| 942 |
_cTEXL _hV2:3(Q), N97 |
||
| 999 |
_c1458396 _d1458396 |
||